Textbook of medical parasitology / (Record no. 5297)

MARC details
000 -LEADER
fixed length control field 00580 a2200193 4500
010 ## - LCCN (DPL NO)
LC control number ENG-86810
020 ## - INTERNATIONAL STANDARD BOOK NUMBER
Terms of availability 320.00
International Standard Book Number 8125031596
035 ## - SYSTEM CONTROL NUMBER
System control number EN-70343
037 ## - SOURCE OF ACQUISITION
Source of stock number/acquisition DBAD / PUB
082 14 - DEWEY DECIMAL CLASSIFICATION NUMBER
Classification number 616.96
100 1# - MAIN ENTRY--PERSONAL NAME
Personal name Panjarathinam, R.
245 1# - TITLE STATEMENT
Title Textbook of medical parasitology /
Statement of responsibility, etc by R.Panjarathinam
250 ## - EDITION STATEMENT
Edition statement 2nd ed
260 ## - PUBLICATION, DISTRIBUTION, ETC. (IMPRINT)
Place of publication, distribution, etc Chennai
Name of publisher, distributor, etc Orient Longman
Date of publication, distribution, etc 2007
270 ## - ADDRESS
Address 160, Anna Salai
City Chennai
Electronic mail address delgeneral@orientlongman.com
Postal code 600 002
300 ## - PHYSICAL DESCRIPTION
Extent ix,381p.
Dimensions 24cm (pbk)
Other physical details ill.
500 ## - GENERAL NOTE
General note Includes index
942 ## - ADDED ENTRY ELEMENTS (KOHA)
Institution code [OBSOLETE] dpl
Item type English Books
Source of classification or shelving scheme Dewey Decimal Classification
Classification part 616.96
Call number suffix PAN
Holdings
Withdrawn status Lost status Not for loan Collection code Home library Current library Source of acquisition Cost, normal purchase price Full call number Barcode Copy number Cost, replacement price Koha item type
    Not For Loan Non-fiction D.B.Act.Division D.B.Act.Division DBAD/PUB 320.00 616.96 PAN EN-70343 1 320.00 English Books

© Delhi Public Library
Hit Counter
free hit counter